Tribhuvan University Central Library

राज्यको पुन:संरचना अर्थ राजनीति सन्दर्भ र संघियताको प्रश्न. (Record no. 109752)

MARC details
000 -LEADER
fixed length control field 00817nam a22001817a 4500
008 - FIXED-LENGTH DATA ELEMENTS--GENERAL INFORMATION
fixed length control field 230623b |||||||| |||| 00| 0 eng d
020 ## - INTERNATIONAL STANDARD BOOK NUMBER
International Standard Book Number 9789994679638
041 ## - LANGUAGE CODE
Language code of text/sound track or separate title Nep.
082 ## - DEWEY DECIMAL CLASSIFICATION NUMBER
Classification number N321.4/K437r
100 ## - MAIN ENTRY--PERSONAL NAME
Personal name कँडेल, पुष्पराज
245 ## - TITLE STATEMENT
Title राज्यको पुन:संरचना अर्थ राजनीति सन्दर्भ र संघियताको प्रश्न.
250 ## - EDITION STATEMENT
Edition statement दोस्रो संस्क.
260 ## - PUBLICATION, DISTRIBUTION, ETC.
Place of publication, distribution, etc. काठमाडौं:
Name of publisher, distributor, etc. एशिया पब्लिकेसन्स,
Date of publication, distribution, etc. २०६४ पृ.
300 ## - PHYSICAL DESCRIPTION
Other physical details ३१७ पृ.;सचित्र.
504 ## - BIBLIOGRAPHY, ETC. NOTE
Bibliography, etc. note सन्दर्भग्रन्थसूची: पृ.२५३-२६६
650 ## - SUBJECT ADDED ENTRY--TOPICAL TERM
Topical term or geographic name entry element प्रजातन्त्र
942 ## - ADDED ENTRY ELEMENTS (KOHA)
Source of classification or shelving scheme Dewey Decimal Classification
Koha item type General Collections
Holdings
Withdrawn status Lost status Source of classification or shelving scheme Damaged status Not for loan Home library Current library Date acquired Total Checkouts Full call number Barcode Date last seen Price effective from Koha item type Shelving location
    Dewey Decimal Classification     Tribhuvan University Central Library Tribhuvan University Central Library 06/23/2023   N321.4/K437r G89991 06/23/2023 06/23/2023 General Collections  
    Dewey Decimal Classification     Tribhuvan University Central Library Tribhuvan University Central Library 06/23/2023   N321.4/K437r G89992 06/23/2023 06/23/2023 General Collections  
    Dewey Decimal Classification     Tribhuvan University Central Library Tribhuvan University Central Library 07/28/2023   N321.4/K437r G89859 07/28/2023 07/28/2023 General Collections New Building